Cities by Correct County: Extreme - Statistics

General Stats
  • This quiz has been taken 17 times
  • The average score is 85 of 99
Answer Stats
Question Tile Select % Correct
Croatia Chișinău No
100%
Iran Isfahan Yes
100%
Iran Shiraz Yes
100%
Croatia Skopje No
100%
Croatia Split Yes
100%
Iran Yerevan No
100%
Morocco Abbottabad No
94%
Nigeria Abuja Yes
94%
Mongolia Almaty No
94%
Bolivia Asunción No
94%
Mongolia Baku No
94%
Israel Beirut No
94%
Colombia Bogotá Yes
94%
Tanzania Dar es Salaam Yes
94%
Croatia Dubrovnik Yes
94%
Croatia Durrës No
94%
Morocco Fez Yes
94%
Tanzania Gitega No
94%
Indonesia Juba No
94%
Morocco Khartoum No
94%
Tanzania Kigali No
94%
Democratic Republic of Congo Kinshasa Yes
94%
Indonesia Kolkata No
94%
Bolivia La Paz Yes
94%
Mongolia Lhasa No
94%
Bolivia Malabo No
94%
Morocco Marrakesh Yes
94%
Indonesia Naypyidaw No
94%
Israel Nazareth Yes
94%
Democratic Republic of Congo N’djamena No
94%
Nigeria Niamey No
94%
Morocco Nouakchott No
94%
Nigeria Oran No
94%
Israel Petra No
94%
Croatia Podgorica No
94%
Democratic Republic of Congo Port Vila No
94%
Morocco Rabat Yes
94%
Colombia Santiago No
94%
Israel Sofia No
94%
Bolivia Sucre Yes
94%
Israel Tashkent No
94%
Israel Tel-Aviv Yes
94%
Mongolia Thimphu No
94%
Mongolia Ulaanbaatar Yes
94%
Nigeria Accra No
88%
Mongolia Ashgabat No
88%
Colombia Barranquilla Yes
88%
Israel Be’er Sheva Yes
88%
Democratic Republic of Congo Conakry No
88%
Tanzania Dodoma Yes
88%
Bolivia Guayaquil No
88%
Mongolia Harbin No
88%
Iran Herat No
88%
Iran Kandahar No
88%
Nigeria Kano Yes
88%
Nigeria Kumasi No
88%
Tanzania Lilongwe No
88%
Iran Mashhad Yes
88%
Colombia Medellin Yes
88%
Iran Mosul No
88%
Morocco Omdurman No
88%
Morocco Peshawar No
88%
Bolivia Puerto Princesa No
88%
Indonesia Semarang Yes
88%
Indonesia South Tarawa No
88%
Iran Tabriz Yes
88%
Colombia Valparaíso No
88%
Indonesia Yogyakarta Yes
88%
Tanzania Bujumbura No
81%
Colombia Cartagena Yes
81%
Nigeria Douala No
81%
Colombia Iquique No
81%
Democratic Republic of Congo Kisangani Yes
81%
Democratic Republic of Congo Lubumbashi Yes
81%
Democratic Republic of Congo Mbuji-Mayi Yes
81%
Colombia Mendoza No
81%
Tanzania Mombasa No
81%
Mongolia Oulu No
81%
Bolivia Santa Cruz Yes
81%
Indonesia Surabaya Yes
81%
Morocco Tangier Yes
81%
Mongolia Ürümqi No
81%
Bolivia Calocan No
75%
Democratic Republic of Congo Hargiesa No
75%
Nigeria Ibadan Yes
75%
Tanzania Mwanza Yes
75%
Israel Rishon LeZion Yes
75%
Croatia Sibiu No
75%
Croatia Zadar Yes
75%
Tanzania Zanzibar Yes
75%
Bolivia Ciudad del Este No
69%
Nigeria Port Harcourt Yes
69%
Israel Ramat Gan Yes
69%
Indonesia Jayapura Yes
63%
Indonesia Padang Yes
63%
Iran Yazd Yes
56%
Croatia Šibenik Yes
44%
Colombia Cúcuta Yes
31%
Democratic Republic of Congo Masina Yes
25%
No matching quizzes found
Score Distribution
Percent of People with Each Score
Percentile by Number Answered
Your Score History
You have not taken this quiz